[Event "DMP Ekstraliga 2020"]
[Site "Krakow"]
[Date "2020.08.31"]
[Round "6.2"]
[White "Wojtaszek, Radoslaw"]
[Black "Bluebaum, Matthias"]
[Result "1/2-1/2"]
[WhiteElo "2717"]
[BlackElo "2647"]
[Annotator "TA"]
[PlyCount "137"]
[EventDate "2020.08.26"]
[EventType "team-tourn"]
[EventCountry "POL"]
[SourceTitle "playchess.com"]
[Source "ChessBase"]
[SourceQuality "1"]
[WhiteTeam "HETMAN Katowice"]
[BlackTeam "Stilon Gorzow"]

{[%evp 9,137,19,22,24,25,18,10,16,30,32,24,18,22,15,33,0,0,0,0,0,23,12,15,10,21,14,19,17,29,33,19,0,23,17,16,16,18,15,27,38,47,50,43,58,45,46,42,56,47,36,58,25,37,23,39,22,55,54,58,45,41,44,42,9,61,69,69,62,54,54,62,54,63,63,48,9,10,11,74,67,52,16,22,30,16,14,17,14,17,0,0,0,18,0,16,16,16,16,16,16,16,19,27,0,0,0,0,0,0,0,0,0,0,0,0,0,0,0,0,0,0,0,0,0,0,0,0,0,0,-29982]} 1. c4 e5 2. Nc3 Bb4 3. Nd5 a5 4. Nf3 d6 5. a3 Bc5 6. e3 {A21: English Opening: 1...e5 2 Nc3.} c6 7. Nc3 Nd7 8. d4 Ba7 9. b4 Ngf6 10. Bb2 O-O 11. Be2 {[#]} Bb8 $146 ({Predecessor:} 11... Re8 12. dxe5 dxe5 13. c5 Qe7 14. Nd2 Bb8 15. Nc4 Rd8 16. Qc2 axb4 17. axb4 Rxa1+ 18. Bxa1 {½-½ (53) Rajdeep,S (2367)-Ni,H (2668) Abu Dhabi 2019}) 12. d5 cxd5 13. cxd5 Nb6 14. O-O Bg4 15. Qb3 a4 16. Qd1 Qe7 17. Rc1 Rc8 18. Nd2 Bd7 19. e4 Bc7 20. Bb5 Bd8 21. Qe2 Ne8 22. Rc2 Bxb5 23. Qxb5 Qd7 24. Rfc1 Qxb5 25. Nxb5 Bg5 26. Rxc8 Nxc8 27. Rc2 Bxd2 28. Rxd2 f5 29. exf5 Nb6 30. f4 exf4 31. Kf2 Nc4 32. Re2 Ne3 33. Kf3 Nxd5 34. Rd2 Ne3 35. Kxf4 Nc4 36. Re2 (36. Rc2 {feels hotter.} d5 37. Bd4 Kf7 38. Rc3 Ra6 39. g4) 36... Nxb2 (36... Rc8 $11) 37. Rxb2 $11 {[%mdl 4096] Endgame KRN-KRN} Rc8 38. Re2 Kf8 $1 39. g4 h6 40. h4 Rc1 41. g5 Rf1+ 42. Kg4 Rg1+ $1 43. Kh5 {Kg6 is the strong threat.} hxg5 (43... Kf7 $1 $11) 44. hxg5 $16 {Black must now prevent Kg6.} Kf7 $1 45. Re3 Rh1+ 46. Kg4 Rg1+ 47. Kf4 Rf1+ 48. Rf3 Ra1 49. Ke4 Rg1 50. Kf4 Ra1 51. Re3 Rf1+ 52. Ke4 Rg1 53. g6+ Ke7 54. Nc3 Nf6+ 55. Kd3+ Kd8 56. Nxa4 Rf1 $1 {The position is equal.} 57. Re6 Ne8 58. Ke4 Nf6+ 59. Kd4 Ne8 60. Nc3 Rxf5 61. Ne4 {[#] Threatens to win with Rxe8+!} Rf4 {Strongly threatening ...Kd7.} 62. Ke3 $1 {[%csl LRd6,LRf4]} Rg4 63. Kf3 Rg1 64. Nxd6 Nxd6 65. Rxd6+ Kc7 $1 {[%cal Rc7d6]} 66. Re6 {[#] aiming for Re7+.} Kd7 67. Rb6 Kc7 68. Re6 {And now Re7+ would win.} Kd7 69. Ke4 $2 {[%mdl 40960] Accuracy: White = 87%, Black = 93%. . An unexpected result.} (69. Re5 $11) 1/2-1/2

[Event "DMP Ekstraliga 2020"]
[Site "Krakow"]
[Date "2020.08.31"]
[Round "6.3"]
[White "Piorun, Kacper"]
[Black "Socko, Bartosz"]
[Result "1-0"]
[WhiteElo "2596"]
[BlackElo "2601"]
[Annotator "ChessBase"]
[PlyCount "117"]
[EventDate "2020.08.26"]
[EventType "team-tourn"]
[EventCountry "POL"]
[SourceTitle "playchess.com"]
[Source "ChessBase"]
[SourceQuality "1"]
[WhiteTeam "Stilon Gorzow"]
[BlackTeam "HETMAN Katowice"]
[WhiteTeamCountry "POL"]
[TimeControl "30/5400+30:1800+30"]

1. e4 {[%emt 0:00:00]} c5 {[%emt 0:00:00]} 2. Nf3 {[%emt 0:00:00]} Nc6 {[%emt 0:00:00]} 3. Bb5 {[%emt 0:00:51]} d6 {[%emt 0:00:00]} 4. O-O {[%emt 0:00:55]} Bd7 {[%emt 0:00:00]} 5. c3 {[%emt 0:01:31]} Nf6 {[%emt 0:01:58]} 6. Re1 {[%emt 0:00:04]} a6 {[%emt 0:00:51]} 7. Ba4 {[%emt 0:02:54]} b5 {[%emt 0:00:40]} 8. Bc2 {[%emt 0:00:07]} Bg4 {[%emt 0:03:01]} 9. a4 {[%emt 0:08:41]} e5 {[%emt 0:08:11]} 10. h3 {[%emt 0:02:43]} Bxf3 {[%emt 0:00:49]} 11. Qxf3 {[%emt 0:00:03]} Be7 {[%emt 0:00:28]} 12. d3 {[%emt 0:08:12]} O-O {[%emt 0:00:45]} 13. Nd2 {[%emt 0:00:25]} Nd7 {[%emt 0:08:56]} 14. Nf1 {[%emt 0:03:25]} Rb8 {[%emt 0:00:51]} 15. axb5 {[%emt 0:08:32]} axb5 {[%emt 0:00:33]} 16. Bb3 {[%emt 0:00:44]} Bg5 {[%emt 0:02:52]} 17. Bxg5 {[%emt 0:01:52]} Qxg5 {[%emt 0:00:06]} 18. Ra6 {[%emt 0:00:15]} Rb6 {[%emt 0:06:29]} 19. Rea1 {[%emt 0:00:14]} Rxa6 {[%emt 0:15:47]} 20. Rxa6 {[%emt 0:00:02]} Ncb8 {[%emt 0:01:42]} 21. Ra5 {[%emt 0:08:43]} b4 {[%emt 0:06:38]} 22. Ne3 {[%emt 0:01:00]} g6 {[%emt 0:03:13]} 23. Ra7 {[%emt 0:05:46]} bxc3 {[%emt 0:01:59]} 24. bxc3 {[%emt 0:00:02]} Kh8 {[%emt 0:04:32]} 25. Qg4 {[%emt 0:19:49]} Qd8 {[%emt 0:02:00]} 26. h4 {[%emt 0:02:59]} Qb6 {[%emt 0:02:12]} 27. Ra3 {[%emt 0:00:17]} Nf6 {[%emt 0:01:43]} 28. Qg5 {[%emt 0:03:03]} Nbd7 {[%emt 0:00:18]} 29. Nc4 {[%emt 0:08:28]} Qb8 {[%emt 0:04:47]} 30. Ne3 {[%emt 0:00:09]} Ng8 {[%emt 0:04:12]} 31. h5 {[%emt 0:31:37]} Ndf6 {[%emt 0:31:03]} 32. hxg6 {[%emt 0:02:04]} fxg6 {[%emt 0:00:06]} 33. g3 {[%emt 0:00:19]} Nh5 {[%emt 0:06:47]} 34. Qg4 {[%emt 0:02:27]} Ngf6 {[%emt 0:03:19]} 35. Qe6 {[%emt 0:00:27]} Re8 {[%emt 0:03:30]} 36. Qf7 {[%emt 0:00:05]} Rf8 {[%emt 0:00:05]} 37. Qa7 {[%emt 0:01:43]} Qc8 {[%emt 0:00:25]} 38. Qe7 {[%emt 0:01:11]} Qb8 {[%emt 0:03:35]} 39. Nc4 {[%emt 0:07:13]} d5 {[%emt 0:02:07]} 40. exd5 {[%emt 0:00:00]} Nxd5 {[%emt 0:00:00]} 41. Qxc5 {[%emt 0:00:00]} Nxc3 {[%emt 0:00:00]} 42. Nxe5 {[%emt 0:00:00]} Ne2+ {[%emt 0:00:00]} 43. Kg2 {[%emt 0:00:00]} Qb7+ {[%emt 0:00:00]} 44. f3 {[%emt 0:00:00]} Rf5 {[%emt 0:00:00]} 45. Qe3 {[%emt 0:00:00]} Nexg3 {[%emt 0:00:00]} 46. Nxg6+ {[%emt 0:00:00]} Kg7 {[%emt 0:00:00]} 47. Ra7 {[%emt 0:00:00]} Qxa7 {[%emt 0:00:00]} 48. Qxa7+ {[%emt 0:00:00]} Kxg6 {[%emt 0:00:00]} 49. Bg8 {[%emt 0:00:00]} Rf6 {[%emt 0:00:00]} 50. Bxh7+ {[%emt 0:00:00]} Kh6 {[%emt 0:00:00]} 51. Be4 {[%emt 0:00:00]} Ne2 {[%emt 0:00:00]} 52. Kf2 {[%emt 0:00:00]} Nef4 {[%emt 0:00:00]} 53. d4 {[%emt 0:00:00]} Ne6 {[%emt 0:00:00]} 54. Qh7+ {[%emt 0:00:00]} Kg5 {[%emt 0:00:00]} 55. d5 {[%emt 0:00:46]} Nc5 {[%emt 0:00:00]} 56. Ke3 {[%emt 0:00:12]} Nxe4 {[%emt 0:01:57]} 57. fxe4 {[%emt 0:00:08]} Rf1 {[%emt 0:00:16]} 58. Qe7+ {[%emt 0:00:24]} Kg4 {[%emt 0:00:29]} 59. d6 {[%emt 0:00:17]} 1-0

[Event "DMP Ekstraliga 2020"]
[Site "Krakow"]
[Date "2020.08.31"]
[Round "6.4"]
[White "Miton, Kamil"]
[Black "Krasenkow, Michal"]
[Result "1/2-1/2"]
[WhiteElo "2590"]
[BlackElo "2605"]
[Annotator "ChessBase"]
[PlyCount "102"]
[EventDate "2020.08.26"]
[EventType "team-tourn"]
[EventCountry "POL"]
[SourceTitle "playchess.com"]
[Source "ChessBase"]
[SourceQuality "1"]
[WhiteTeam "HETMAN Katowice"]
[BlackTeam "Stilon Gorzow"]
[TimeControl "30/5400+30:1800+30"]

1. e4 {[%emt 0:00:00]} c5 {[%emt 0:00:19]} 2. Nf3 {[%emt 0:00:00]} Nc6 {[%emt 0:00:02]} 3. Bb5 {[%emt 0:00:26]} g6 {[%emt 0:02:38]} 4. O-O {[%emt 0:01:47]} Bg7 {[%emt 0:00:06]} 5. Nc3 {[%emt 0:05:04]} e5 {[%emt 0:00:30]} 6. Bc4 {[%emt 0:07:18]} h6 {[%emt 0:03:46]} 7. a3 {[%emt 0:01:36]} Nge7 {[%emt 0:00:51]} 8. b4 {[%emt 0:00:58]} d6 {[%emt 0:00:23]} 9. bxc5 {[%emt 0:01:59]} dxc5 {[%emt 0:00:05]} 10. d3 {[%emt 0:00:19]} O-O {[%emt 0:00:15]} 11. Rb1 {[%emt 0:08:32]} Kh7 {[%emt 0:05:56]} 12. Re1 {[%emt 0:07:28]} b6 {[%emt 0:07:35]} 13. Nd5 {[%emt 0:03:00]} Bb7 {[%emt 0:06:30]} 14. Bb2 {[%emt 0:07:43]} Nd4 {[%emt 0:03:31]} 15. Nxe7 {[%emt 0:03:38]} Qxe7 {[%emt 0:00:17]} 16. Bd5 {[%emt 0:01:25]} Nxf3+ {[%emt 0:03:18]} 17. Qxf3 {[%emt 0:00:13]} b5 {[%emt 0:00:10]} 18. Qe3 {[%emt 0:16:34]} f5 {[%emt 0:10:32]} 19. Ba1 {[%emt 0:05:54]} f4 {[%emt 0:03:39]} 20. Qf3 {[%emt 0:00:19]} b4 {[%emt 0:01:08]} 21. c3 {[%emt 0:02:16]} a5 {[%emt 0:02:00]} 22. axb4 {[%emt 0:05:01]} axb4 {[%emt 0:00:25]} 23. cxb4 {[%emt 0:00:27]} cxb4 {[%emt 0:00:23]} 24. h3 {[%emt 0:04:21]} Rfb8 {[%emt 0:03:58]} 25. Bb2 {[%emt 0:01:41]} Ra5 {[%emt 0:01:02]} 26. Bb3 {[%emt 0:01:00]} Qd6 {[%emt 0:02:04]} 27. Ra1 {[%emt 0:00:44]} Rba8 {[%emt 0:04:13]} 28. Rxa5 {[%emt 0:00:29]} Rxa5 {[%emt 0:00:01]} 29. Rc1 {[%emt 0:01:24]} Ra8 {[%emt 0:07:12]} 30. Bc4 {[%emt 0:02:37]} Bf6 {[%emt 0:04:01]} 31. Bb3 {[%emt 0:32:16]} Rb8 {[%emt 0:32:41]} 32. Qd1 {[%emt 0:01:37]} Rc8 {[%emt 0:04:38]} 33. Rxc8 {[%emt 0:00:55]} Bxc8 {[%emt 0:00:01]} 34. Bc4 {[%emt 0:01:52]} Be6 {[%emt 0:01:19]} 35. Qb3 {[%emt 0:00:27]} Bxc4 {[%emt 0:00:27]} 36. Qxc4 {[%emt 0:00:06]} h5 {[%emt 0:02:15]} 37. Kf1 {[%emt 0:00:32]} g5 {[%emt 0:03:48]} 38. Ke2 {[%emt 0:00:45]} g4 {[%emt 0:00:29]} 39. hxg4 {[%emt 0:00:12]} hxg4 {[%emt 0:00:05]} 40. Qf7+ {[%emt 0:00:00]} Kh6 {[%emt 0:00:00]} 41. Bc1 {[%emt 0:00:00]} Bg5 {[%emt 0:00:00]} 42. Bd2 {[%emt 0:00:00]} Qe7 {[%emt 0:00:00]} 43. Qxe7 {[%emt 0:00:00]} Bxe7 {[%emt 0:00:00]} 44. Bc1 {[%emt 0:00:00]} Kg5 {[%emt 0:00:00]} 45. Bb2 {[%emt 0:00:00]} Bd6 {[%emt 0:00:00]} 46. d4 {[%emt 0:01:44]} exd4 {[%emt 0:00:00]} 47. Bxd4 {[%emt 0:00:04]} b3 {[%emt 0:00:00]} 48. Kd3 {[%emt 0:01:00]} f3 {[%emt 0:00:00]} 49. gxf3 {[%emt 0:00:46]} gxf3 {[%emt 0:00:00]} 50. e5 {[%emt 0:01:56]} Ba3 {[%emt 0:00:00]} 51. Ke4 {[%emt 0:00:45]} b2 {[%emt 0:02:31]} 1/2-1/2

[Event "DMP Ekstraliga 2020"]
[Site "Krakow"]
[Date "2020.08.31"]
[Round "6.5"]
[White "Janik, Igor"]
[Black "Sadzikowski, Daniel"]
[Result "1/2-1/2"]
[WhiteElo "2471"]
[BlackElo "2522"]
[Annotator "ChessBase"]
[PlyCount "93"]
[EventDate "2020.08.26"]
[EventType "team-tourn"]
[EventCountry "POL"]
[SourceTitle "playchess.com"]
[Source "ChessBase"]
[SourceQuality "1"]
[WhiteTeam "Stilon Gorzow"]
[BlackTeam "HETMAN Katowice"]
[TimeControl "30/5400+30:1800+30"]

1. e4 {[%emt 0:00:00]} e5 {[%emt 0:00:00]} 2. Nf3 {[%emt 0:00:00]} Nc6 {[%emt 0:00:00]} 3. Bb5 {[%emt 0:00:00]} a6 {[%emt 0:00:00]} 4. Ba4 {[%emt 0:00:00]} Nf6 {[%emt 0:00:00]} 5. O-O {[%emt 0:00:00]} Be7 {[%emt 0:00:00]} 6. Re1 {[%emt 0:00:03]} b5 {[%emt 0:00:01]} 7. Bb3 {[%emt 0:00:06]} d6 {[%emt 0:00:04]} 8. c3 {[%emt 0:00:05]} O-O {[%emt 0:00:05]} 9. h3 {[%emt 0:00:04]} Nb8 {[%emt 0:00:36]} 10. d4 {[%emt 0:00:07]} Nbd7 {[%emt 0:00:05]} 11. Nh4 {[%emt 0:00:05]} Nb6 {[%emt 0:26:18]} 12. dxe5 {[%emt 0:02:10]} Nxe4 {[%emt 0:06:12]} 13. Rxe4 {[%emt 0:11:07]} d5 {[%emt 0:05:01]} 14. Rg4 {[%emt 0:11:06]} Bxg4 {[%emt 0:15:34]} 15. Qxg4 {[%emt 0:00:06]} Bxh4 {[%emt 0:00:03]} 16. Bh6 {[%emt 0:00:12]} g6 {[%emt 0:00:06]} 17. Bxf8 {[%emt 0:00:24]} Kxf8 {[%emt 0:00:12]} 18. Nd2 {[%emt 0:00:53]} Be7 {[%emt 0:00:35]} 19. Nf3 {[%emt 0:00:44]} Qc8 {[%emt 0:03:50]} 20. Qf4 {[%emt 0:02:03]} c5 {[%emt 0:01:41]} 21. Re1 {[%emt 0:03:13]} Qe6 {[%emt 0:02:26]} 22. Bd1 {[%emt 0:01:18]} Kg7 {[%emt 0:00:32]} 23. b4 {[%emt 0:03:13]} h6 {[%emt 0:01:16]} 24. bxc5 {[%emt 0:04:00]} Bxc5 {[%emt 0:00:02]} 25. Nd4 {[%emt 0:00:25]} Bxd4 {[%emt 0:01:18]} 26. Qxd4 {[%emt 0:00:31]} Kh7 {[%emt 0:09:20]} 27. Bg4 {[%emt 0:00:48]} f5 {[%emt 0:00:14]} 28. Be2 {[%emt 0:06:11]} Rc8 {[%emt 0:00:43]} 29. g4 {[%emt 0:06:51]} Na4 {[%emt 0:02:46]} 30. gxf5 {[%emt 0:01:58]} gxf5 {[%emt 0:00:10]} 31. Bd3 {[%emt 0:31:21]} Nc5 {[%emt 0:37:59]} 32. Kh2 {[%emt 0:05:56]} Nxd3 {[%emt 0:13:26]} 33. Qxd3 {[%emt 0:00:15]} Rc4 {[%emt 0:00:18]} 34. Qe3 {[%emt 0:02:10]} Re4 {[%emt 0:02:01]} 35. Qa7+ {[%emt 0:00:14]} Kg6 {[%emt 0:00:07]} 36. Rg1+ {[%emt 0:06:08]} Kh5 {[%emt 0:00:00]} 37. f4 {[%emt 0:00:22]} Rxf4 {[%emt 0:03:43]} 38. Qe3 {[%emt 0:02:52]} Re4 {[%emt 0:00:02]} 39. Qf3+ {[%emt 0:00:11]} Kh4 {[%emt 0:00:02]} 40. Qg3+ {[%emt 0:00:00]} Kh5 {[%emt 0:00:00]} 41. Qf3+ {[%emt 0:00:00]} Kh4 {[%emt 0:00:00]} 42. Qg3+ {[%emt 0:00:00]} Kh5 {[%emt 0:00:00]} 43. Kh1 {[%emt 0:00:00]} b4 {[%emt 0:00:00]} 44. cxb4 {[%emt 0:00:00]} d4 {[%emt 0:00:00]} 45. Qf3+ {[%emt 0:00:00]} Kh4 {[%emt 0:00:00]} 46. Qg3+ {[%emt 0:00:00]} Kh5 {[%emt 0:00:00]} 47. Qf3+ {[%emt 0:00:00]} 1/2-1/2

[Event "DMP Ekstraliga 2020"]
[Site "Krakow"]
[Date "2020.08.31"]
[Round "6.6"]
[White "Socko, Monika"]
[Black "Antolak, Julia"]
[Result "1/2-1/2"]
[WhiteElo "2428"]
[BlackElo "2323"]
[Annotator "ChessBase"]
[PlyCount "87"]
[EventDate "2020.08.26"]
[EventType "team-tourn"]
[EventCountry "POL"]
[SourceTitle "playchess.com"]
[Source "ChessBase"]
[SourceQuality "1"]
[WhiteTeam "HETMAN Katowice"]
[BlackTeam "Stilon Gorzow"]
[TimeControl "30/5400+30:1800+30"]

1. c4 {[%emt 0:00:00]} e5 {[%emt 0:00:00]} 2. Nc3 {[%emt 0:00:00]} Nf6 {[%emt 0:00:00]} 3. g3 {[%emt 0:00:00]} d5 {[%emt 0:00:12]} 4. cxd5 {[%emt 0:00:00]} Nxd5 {[%emt 0:00:05]} 5. Bg2 {[%emt 0:00:05]} Nb6 {[%emt 0:00:05]} 6. d3 {[%emt 0:00:22]} Be7 {[%emt 0:01:55]} 7. Be3 {[%emt 0:00:13]} O-O {[%emt 0:02:12]} 8. Rc1 {[%emt 0:00:15]} Re8 {[%emt 0:04:22]} 9. a3 {[%emt 0:00:14]} c6 {[%emt 0:05:22]} 10. Nf3 {[%emt 0:02:29]} Bf8 {[%emt 0:02:25]} 11. O-O {[%emt 0:01:04]} N8d7 {[%emt 0:04:34]} 12. Qb3 {[%emt 0:09:29]} Nf6 {[%emt 0:07:16]} 13. Ng5 {[%emt 0:06:28]} Be6 {[%emt 0:23:07]} 14. Nxe6 {[%emt 0:02:02]} Rxe6 {[%emt 0:00:05]} 15. a4 {[%emt 0:05:09]} Nfd5 {[%emt 0:07:18]} 16. a5 {[%emt 0:16:29]} Nxe3 {[%emt 0:08:38]} 17. fxe3 {[%emt 0:00:08]} Nd7 {[%emt 0:00:18]} 18. Ne4 {[%emt 0:03:09]} Nf6 {[%emt 0:06:37]} 19. Qxb7 {[%emt 0:12:56]} Rb8 {[%emt 0:03:20]} 20. Qxa7 {[%emt 0:02:09]} Rxb2 {[%emt 0:00:41]} 21. Nxf6+ {[%emt 0:02:38]} gxf6 {[%emt 0:02:31]} 22. Rb1 {[%emt 0:08:43]} Rxe2 {[%emt 0:05:34]} 23. Be4 {[%emt 0:00:53]} Ra2 {[%emt 0:02:10]} 24. a6 {[%emt 0:06:52]} Qa5 {[%emt 0:00:52]} 25. Rfd1 {[%emt 0:03:47]} Qa4 {[%emt 0:03:38]} 26. d4 {[%emt 0:01:35]} Qxa6 {[%emt 0:02:17]} 27. Bxh7+ {[%emt 0:02:29]} Kg7 {[%emt 0:00:44]} 28. Qxa6 {[%emt 0:00:03]} Rxa6 {[%emt 0:00:04]} 29. Bd3 {[%emt 0:00:33]} Ra7 {[%emt 0:01:04]} 30. Bc4 {[%emt 0:00:59]} Rd6 {[%emt 0:00:28]} 31. d5 {[%emt 0:31:34]} cxd5 {[%emt 0:32:53]} 32. Bxd5 {[%emt 0:00:08]} Rad7 {[%emt 0:00:28]} 33. Bf3 {[%emt 0:01:50]} Rxd1+ {[%emt 0:00:16]} 34. Rxd1 {[%emt 0:00:05]} Rxd1+ {[%emt 0:00:04]} 35. Bxd1 {[%emt 0:00:34]} Bc5 {[%emt 0:00:15]} 36. Kf2 {[%emt 0:00:03]} f5 {[%emt 0:00:20]} 37. Kf3 {[%emt 0:00:25]} Kf6 {[%emt 0:01:09]} 38. Bb3 {[%emt 0:01:10]} Bb6 {[%emt 0:00:23]} 39. h3 {[%emt 0:00:34]} Bc5 {[%emt 0:00:06]} 40. Bd5 {[%emt 0:00:00]} e4+ {[%emt 0:00:00]} 41. Ke2 {[%emt 0:00:00]} Kg6 {[%emt 0:00:00]} 42. g4 {[%emt 0:00:00]} fxg4 {[%emt 0:00:00]} 43. hxg4 {[%emt 0:00:00]} Kg5 {[%emt 0:00:00]} 44. Bxe4 {[%emt 0:00:00]} 1/2-1/2

[Event "DMP Ekstraliga 2020"]
[Site "Krakow"]
[Date "2020.08.31"]
[Round "6.7"]
[White "Antoniewski, Rafal"]
[Black "Klekowski, Maciej"]
[Result "1-0"]
[WhiteElo "2490"]
[BlackElo "2511"]
[Annotator "ChessBase"]
[PlyCount "111"]
[EventDate "2020.08.26"]
[EventType "team-tourn"]
[EventCountry "POL"]
[SourceTitle "playchess.com"]
[Source "ChessBase"]
[SourceQuality "1"]
[WhiteTeam "Wrzos Miedzyborow"]
[BlackTeam "UKS 21 Podlesie"]
[TimeControl "30/5400+30:1800+30"]

1. d4 {[%emt 0:00:00]} Nf6 {[%emt 0:02:59]} 2. c4 {[%emt 0:00:07]} e6 {[%emt 0:00:04]} 3. Nc3 {[%emt 0:00:33]} Bb4 {[%emt 0:00:05]} 4. e3 {[%emt 0:00:08]} O-O {[%emt 0:00:21]} 5. Nge2 {[%emt 0:00:44]} c6 {[%emt 0:03:22]} 6. a3 {[%emt 0:02:29]} Ba5 {[%emt 0:00:08]} 7. b4 {[%emt 0:00:50]} Bc7 {[%emt 0:00:04]} 8. Bb2 {[%emt 0:00:50]} d5 {[%emt 0:00:13]} 9. Ng3 {[%emt 0:00:17]} Nbd7 {[%emt 0:12:57]} 10. Qc2 {[%emt 0:15:44]} a6 {[%emt 0:52:20]} 11. e4 {[%emt 0:08:00]} e5 {[%emt 0:01:44]} 12. dxe5 {[%emt 0:00:29]} Bxe5 {[%emt 0:00:11]} 13. cxd5 {[%emt 0:06:04]} cxd5 {[%emt 0:00:07]} 14. exd5 {[%emt 0:01:12]} Nb6 {[%emt 0:09:30]} 15. Be2 {[%emt 0:08:31]} Bg4 {[%emt 0:04:03]} 16. f3 {[%emt 0:23:36]} Rc8 {[%emt 0:04:18]} 17. Qd2 {[%emt 0:02:33]} Bd7 {[%emt 0:04:54]} 18. f4 {[%emt 0:13:08]} Bxc3 {[%emt 0:00:10]} 19. Bxc3 {[%emt 0:00:02]} Nfxd5 {[%emt 0:00:36]} 20. Bd4 {[%emt 0:00:46]} Nc4 {[%emt 0:00:58]} 21. Bxc4 {[%emt 0:02:02]} Rxc4 {[%emt 0:00:03]} 22. O-O {[%emt 0:00:09]} Nc7 {[%emt 0:01:21]} 23. Bxg7 {[%emt 0:07:04]} Kxg7 {[%emt 0:00:26]} 24. Rad1 {[%emt 0:00:06]} Re8 {[%emt 0:00:26]} 25. Qxd7 {[%emt 0:00:20]} Qxd7 26. Rxd7 {[%emt 0:00:02]} Kf6 {[%emt 0:00:42]} 27. Nh5+ {[%emt 0:02:36]} Kg6 {[%emt 0:00:27]} 28. g4 {[%emt 0:00:02]} f5 {[%emt 0:00:50]} 29. Rd6+ {[%emt 0:01:14]} Ne6 {[%emt 0:00:39]} 30. Ng3 {[%emt 0:01:00]} Kf7 {[%emt 0:00:01]} 31. Nxf5 {[%emt 0:30:49]} Rxf4 {[%emt 0:30:03]} 32. h3 {[%emt 0:01:08]} Rxf1+ {[%emt 0:00:17]} 33. Kxf1 {[%emt 0:00:01]} h5 {[%emt 0:00:19]} 34. Rb6 {[%emt 0:00:31]} Rd8 {[%emt 0:00:01]} 35. Rxb7+ {[%emt 0:00:07]} Kf6 {[%emt 0:00:00]} 36. Rb6 {[%emt 0:00:08]} hxg4 {[%emt 0:00:09]} 37. hxg4 {[%emt 0:00:03]} Ke5 {[%emt 0:00:04]} 38. Rxa6 {[%emt 0:01:22]} Nf4 {[%emt 0:01:23]} 39. Ra7 {[%emt 0:02:58]} Ke4 {[%emt 0:00:22]} 40. Kf2 {[%emt 0:00:00]} Nh3+ {[%emt 0:00:00]} 41. Kg3 {[%emt 0:00:00]} Rd3+ {[%emt 0:00:00]} 42. Kh4 {[%emt 0:00:00]} Kf4 {[%emt 0:00:00]} 43. Ng3 {[%emt 0:00:00]} Ng1 {[%emt 0:00:00]} 44. Nh5+ {[%emt 0:00:00]} Ke5 {[%emt 0:00:00]} 45. Ra5+ {[%emt 0:00:00]} Kd6 {[%emt 0:00:00]} 46. Kg5 {[%emt 0:00:00]} Nf3+ {[%emt 0:00:00]} 47. Kf4 {[%emt 0:00:00]} Nd2 {[%emt 0:00:00]} 48. Kf5 {[%emt 0:00:00]} Nc4 {[%emt 0:00:00]} 49. Ra6+ {[%emt 0:00:00]} Ke7 {[%emt 0:00:00]} 50. a4 {[%emt 0:00:00]} Nd6+ {[%emt 0:00:00]} 51. Ke5 {[%emt 0:00:00]} Nf7+ {[%emt 0:00:00]} 52. Ke4 {[%emt 0:00:00]} Rb3 {[%emt 0:00:00]} 53. Ra7+ {[%emt 0:00:00]} Ke6 {[%emt 0:00:00]} 54. Nf4+ {[%emt 0:00:00]} Kf6 {[%emt 0:00:00]} 55. Nd5+ {[%emt 0:00:00]} Ke6 {[%emt 0:00:00]} 56. Re7+ {[%emt 0:00:00]} 1-0

[Event "DMP Ekstraliga 2020"]
[Site "Krakow"]
[Date "2020.08.31"]
[Round "6.8"]
[White "Teclaf, Pawel"]
[Black "Cyborowski, Lukasz"]
[Result "1/2-1/2"]
[WhiteElo "2454"]
[BlackElo "2508"]
[Annotator "ChessBase"]
[PlyCount "49"]
[EventDate "2020.08.26"]
[EventType "team-tourn"]
[EventCountry "POL"]
[SourceTitle "playchess.com"]
[Source "ChessBase"]
[SourceQuality "1"]
[WhiteTeam "UKS 21 Podlesie"]
[BlackTeam "Wrzos Miedzyborow"]
[TimeControl "30/5400+30:1800+30"]

1. e4 {[%emt 0:00:00]} e5 {[%emt 0:00:40]} 2. Nf3 {[%emt 0:00:00]} Nc6 {[%emt 0:00:18]} 3. Bb5 {[%emt 0:01:19]} a6 {[%emt 0:01:51]} 4. Ba4 {[%emt 0:01:30]} Nf6 {[%emt 0:00:26]} 5. O-O {[%emt 0:00:49]} Nxe4 {[%emt 0:01:28]} 6. d4 {[%emt 0:03:44]} b5 {[%emt 0:00:39]} 7. Bb3 {[%emt 0:00:03]} d5 {[%emt 0:00:05]} 8. dxe5 {[%emt 0:00:14]} Be6 {[%emt 0:00:05]} 9. c3 {[%emt 0:00:03]} Be7 {[%emt 0:02:22]} 10. Qe2 {[%emt 0:16:21]} Nc5 {[%emt 0:21:36]} 11. Bc2 {[%emt 0:06:03]} Bg4 {[%emt 0:06:33]} 12. Rd1 {[%emt 0:08:47]} Qd7 {[%emt 0:20:54]} 13. h3 {[%emt 0:05:54]} Bh5 {[%emt 0:11:27]} 14. Nbd2 {[%emt 0:03:36]} Rd8 {[%emt 0:01:24]} 15. Nf1 {[%emt 0:17:07]} Qe6 {[%emt 0:08:25]} 16. Ng3 {[%emt 0:07:20]} Bxf3 {[%emt 0:01:11]} 17. Qxf3 {[%emt 0:00:04]} Nxe5 {[%emt 0:00:05]} 18. Qe3 {[%emt 0:06:55]} g6 {[%emt 0:06:14]} 19. Ne2 {[%emt 0:05:09]} Nc4 {[%emt 0:05:30]} 20. Qf3 {[%emt 0:01:30]} Qf6 {[%emt 0:01:29]} 21. Rxd5 {[%emt 0:06:55]} Qxf3 {[%emt 0:00:21]} 22. Rxd8+ {[%emt 0:00:03]} Kxd8 {[%emt 0:01:07]} 23. gxf3 {[%emt 0:00:02]} Bf6 24. a4 {[%emt 0:02:50]} Kd7 {[%emt 0:02:32]} 25. axb5 {[%emt 0:00:30]} 1/2-1/2